000 01301nmc a2200457 a 4500
003 AR-BaBNM
005 20251128204830.0
008 301020s1990 ||||||||||||||000 | spa||
020 _a968-16-3430-6
040 _cAR-BaBNM
100 1 _aJean, Georges
245 1 0 _aLos senderos de la imaginación infantil
_bLos cuentos. Los poemas. La realidad
250 _a1ª ed.
260 _aMéxico, D.F.
_bFondo de Cultura Económica
_c1990
300 0 _a231 p.
490 0 _aBreviarios
_vv. 514
500 0 _aContiene elementos bibliográficos: p. 223-227
600 1 4 _aBenveniste, Emile
600 1 4 _aMauco, Georges
600 1 4 _aPiaget, Jean
600 1 4 _aMontagner, Hubert
600 1 4 _aLevi-Strauss, Claude
650 4 _aPSICOLOGIA DE LA EDUCACION
650 4 _aPSICOLOGIA DEL NINO
650 4 _aPSICOLOGIA APLICADA
650 4 _aAPRENDIZAJE
650 4 _aEDUCABILIDAD
650 4 _aEDUCACION
650 4 _aORIENTACION PEDAGOGICA
650 4 _aPSICOLOGIA DEL DESARROLLO
650 4 _aDESARROLLO MENTAL
650 4 _aIMAGINACION
650 4 _aPROCESOS MENTALES SUPERIORES
650 4 _aPSICOLOGIA
650 4 _aLITERATURA
650 4 _aNARRACION DE CUENTOS
650 4 _aPOESIA
700 1 _aUtrilla, Juan José
_etraductor
942 _cBK
998 _cEnrique
999 _c8979
_d8979